书目信息 |
| 题名: |
周一清晨的推销课
|
|
| 作者: | 韦尔斯 著 | |
| 分册: | ||
| 出版信息: | 北京 中国纺织出版社 2005 |
|
| 页数: | 302页 | |
| 开本: | 21cm | |
| 丛书名: | ||
| 单 册: | ||
| 中图分类: | F713.3 | |
| 科图分类: | ||
| 主题词: | 推销--tui xiao--基本知识 | |
| 电子资源: | ||
| ISBN: | 7-5064-3152-1 | |
| 000 | 00877nam0 2200229 450 | |
| 001 | CAL 012005024532 | |
| 005 | 20061123095227.73 | |
| 010 | @a7-5064-3152-1@dCNY 25.00 | |
| 099 | @aCAL 012005024532 | |
| 100 | @a20050318d2005 em y0chiy0121 ea | |
| 101 | 0 | @achi |
| 102 | @aCN@b110000 | |
| 200 | 1 | @a周一清晨的推销课@Azhou yi qing chen de tui xiao ke@d= Monday morning salesmanship@f韦尔斯著@zeng |
| 210 | @a北京@c中国纺织出版社@d2005 | |
| 215 | @a302页@d21cm | |
| 330 | @a本书按照推销的过程,把推销细分为7个阶段,把每个阶段推销员应该具有的能力一一进行了讲解。这7种能力分别为:挖掘潜在客户、接近准客户、现场说明与展示、商业谈判、异议的处理、促使顾客作决定、售后服务等。 | |
| 510 | 1 | @aMonday morning salesmanship@zeng |
| 606 | 0 | @a推销@Atui xiao@x基本知识 |
| 690 | @aF713.3@v4 | |
| 701 | 0 | @a韦尔斯@Awei er si@4著 |
| 801 | @aCN@c20061123 | |
| 905 | @a10447@dF713.3@eW511 | |
| 周一清晨的推销课= Monday morning salesmanship/韦尔斯著.-北京:中国纺织出版社,2005 |
| 302页;21cm |
| ISBN 7-5064-3152-1:CNY 25.00 |
| 本书按照推销的过程,把推销细分为7个阶段,把每个阶段推销员应该具有的能力一一进行了讲解。这7种能力分别为:挖掘潜在客户、接近准客户、现场说明与展示、商业谈判、异议的处理、促使顾客作决定、售后服务等。 |
| ● |
| 相关链接 |
|
|
|
正题名:周一清晨的推销课
索取号:F713.3/W511
 
预约/预借
| 序号 | 登录号 | 条形码 | 馆藏地/架位号 | 状态 | 备注 |
| 1 | 613988 | 206139882 | 社科库409/409社科库 41排3列1层/ [索取号:F713.3/W511] | 在馆 | |
| 2 | 613989 | 206139891 | 社科库409/409社科库 41排3列1层/ [索取号:F713.3/W511] | 在馆 |